[Event "Bitlis Betav op 1st"]
[Site "Bitlis"]
[Date "2024.09.07"]
[Round "9"]
[White "Khalesi, Vahid"]
[Black "Mahmoody, M Sadegh"]
[Result "1-0"]
[WhiteElo "2074"]
[BlackElo "1924"]
[PlyCount "38"]
[EventDate "2024.09.02"]
[EventType "swiss"]
[EventRounds "9"]
[EventCountry "TUR"]
[SourceTitle "EXT 2025"]
[Source "ChessBase"]
[SourceDate "2024.10.14"]
[SourceVersion "1"]
[SourceVersionDate "2024.10.14"]
[SourceQuality "1"]

1. e4 d6 2. d4 Nf6 3. Nc3 g6 4. Nf3 Bg7 5. Bc4 c6 6. Bb3 b5 7. e5 dxe5 8. Nxe5 0-0 9. 0-0 Bb7 10. Re1 e6 11. Qd3 Nbd7 12. Qh3 Nxe5 13. dxe5 Nd7 14. Bh6 Nc5 15. Rad1 Qe7 16. Rd4 Bxh6 17. Qxh6 Rad8 18. Rh4 f5 19. exf6 Rxf6 1-0

[Event "Bitlis Betav op 1st"]
[Site "Bitlis"]
[Date "2024.09.06"]
[Round "7"]
[White "Mahmoody, M Sadegh"]
[Black "Ozen, Ilhami Goktug"]
[Result "1-0"]
[WhiteElo "1924"]
[BlackElo "1827"]
[PlyCount "105"]
[EventDate "2024.09.02"]
[EventType "swiss"]
[EventRounds "9"]
[EventCountry "TUR"]
[SourceTitle "EXT 2025"]
[Source "ChessBase"]
[SourceDate "2024.10.14"]
[SourceVersion "1"]
[SourceVersionDate "2024.10.14"]
[SourceQuality "1"]

1. d4 Nf6 2. Nf3 e6 3. c4 d5 4. Nc3 Nbd7 5. Bg5 Bb4 6. c5 c6 7. Qa4 Qa5 8. Qxa5 Bxa5 9. Nd2 b6 10. cxb6 axb6 11. e3 Ba6 12. f3 Bxf1 13. Rxf1 h6 14. Bf4 Ke7 15. Bg3 Bxc3 16. bxc3 Ra3 17. Nb3 Rha8 18. Rb1 Rxa2 19. Rf2 Rxf2 20. Bxf2 Ra2 21. Nc1 Rc2 22. Ne2 Ne8 23. Kd1 Ra2 24. Bg3 Nd6 25. Bxd6+ Kxd6 26. g4 b5 27. h4 Nb6 28. Ke1 Nc4 29. Kf2 Nb2 30. e4 Na4 31. Rc1 Rb2 32. e5+ Kd7 33. f4 Ra2 34. h5 Nb2 35. Rg1 Ke7 36. g5 Kf8 37. g6 Nc4 38. gxf7 Kxf7 39. Rg6 Nd2 40. f5 Ne4+ 41. Ke3 Ng5 42. Nf4 exf5 43. Rxc6 Ra1 44. Rc7+ Kg8 45. Nxd5 Kf8 46. Nf4 b4 47. cxb4 Re1+ 48. Kf2 Re4 49. Ng6+ Kg8 50. d5 Nh3+ 51. Kf1 Nf4 52. Rc8+ Kf7 53. Rf8# 1-0

[Event "Asia-ch Amateur"]
[Site "Muscat"]
[Date "2022.10.05"]
[Round "9"]
[White "Mahmoody, M Sadegh"]
[Black "Fooladi, Behrooz"]
[Result "0-1"]
[WhiteElo "1914"]
[BlackElo "1928"]
[PlyCount "56"]
[EventDate "2022.09.29"]
[EventType "swiss"]
[EventRounds "9"]
[EventCountry "OMN"]
[SourceTitle "CBM 210 Extra"]
[Source "ChessBase"]
[SourceDate "2022.11.30"]
[SourceVersion "1"]
[SourceVersionDate "2022.11.30"]
[SourceQuality "1"]

1. d4 Nf6 2. Nf3 g6 3. g3 d5 4. Bg2 Bg7 5. Nbd2 0-0 6. 0-0 c5 7. e3 Bf5 8. dxc5 Na6 9. Nd4 Bg4 10. f3 Bd7 11. c4 Nxc5 12. b4 Nd3 13. Ba3 e5 14. N4b3 dxc4 15. Nxc4 Bb5 16. Nbd2 Rc8 17. Qb3 Qd5 18. Na5 b6 19. Qxd5 Nxd5 20. Nb7 Nxe3 21. Nd6 Rc2 22. Nxb5 Rxd2 23. Bh3 Nxf1 24. Bxf1 e4 25. Rb1 a6 26. Nc7 Bd4+ 27. Kh1 exf3 28. Bxd3 Rxd3 0-1

[Event "Asia-ch Amateur"]
[Site "Muscat"]
[Date "2022.09.30"]
[Round "2"]
[White "Mahmoody, M Sadegh"]
[Black "Reyes, Danilo G"]
[Result "1-0"]
[WhiteElo "1914"]
[BlackElo "1584"]
[PlyCount "103"]
[EventDate "2022.09.29"]
[EventType "swiss"]
[EventRounds "9"]
[EventCountry "OMN"]
[SourceTitle "CBM 210 Extra"]
[Source "ChessBase"]
[SourceDate "2022.11.30"]
[SourceVersion "1"]
[SourceVersionDate "2022.11.30"]
[SourceQuality "1"]

1. d4 g6 2. Nf3 Bg7 3. e4 d6 4. h3 c6 5. c4 Nd7 6. Nc3 e5 7. d5 c5 8. Bd3 Ngf6 9. Be3 a6 10. a3 h6 11. b4 b6 12. Nd2 0-0 13. Nb3 Rb8 14. Qd2 Kh7 15. g4 Rb7 16. f3 Re8 17. Ne2 Nf8 18. Ng3 Bd7 19. Be2 Ng8 20. h4 f6 21. h5 g5 22. Kf2 Ne7 23. Rhb1 Qb8 24. Bd3 Kg8 25. bxc5 dxc5 26. a4 a5 27. Kg2 Nc8 28. Bxc5 bxc5 29. Nxc5 Rxb1 30. Rxb1 Qa7 31. Qf2 Nd6 32. Nb3 Qxf2+ 33. Kxf2 Nb7 34. c5 Bxa4 35. c6 Bxb3 36. cxb7 a4 37. Nf5 Rb8 38. Ne7+ Kh7 39. Ba6 Nd7 40. Nc6 Rf8 41. Rc1 a3 42. Na5 Nb8 43. Bb5 Rf7 44. Bc6 Bf8 45. Nxb3 Bd6 46. Na5 Bb4 47. Nc4 Rc7 48. Ra1 Bc5+ 49. Ke2 Ba7 50. Rxa3 Nxc6 51. dxc6 Bb8 52. Ra8 1-0

[Event "Belt and Road Hunan op-C"]
[Site "Changsha"]
[Date "2019.08.02"]
[Round "9"]
[White "Jiang, Ming Rong"]
[Black "Mahmoody, M Sadegh"]
[Result "0-1"]
[WhiteElo "1711"]
[BlackElo "1900"]
[PlyCount "53"]
[EventDate "2019.07.29"]
[EventType "swiss"]
[EventRounds "9"]
[EventCountry "CHN"]
[SourceTitle "EXT 2020"]
[Source "ChessBase"]
[SourceDate "2019.10.17"]
[SourceVersion "1"]
[SourceVersionDate "2019.10.17"]
[SourceQuality "1"]

1. d4 d5 2. c4 e6 3. Nc3 Nf6 4. cxd5 exd5 5. Bg5 Nbd7 6. e3 c6 7. Bd3 Be7 8. Nge2 0-0 9. 0-0 Ne4 10. Bxe7 Qxe7 11. Qc2 f5 12. Rae1 Ndf6 13. f3 Nd6 14. Nf4 g5 15. Nh3 Qg7 16. Nf2 Bd7 17. e4 fxe4 18. fxe4 dxe4 19. Nfxe4 Nfxe4 20. Nxe4 Nxe4 21. Bxe4 Rae8 22. Kh1 Rf4 23. Rxf4 gxf4 24. Rf1 Rf8 25. Qb3+ Kh8 26. Qxb7 Qxd4 27. Bf3 0-1

[Event "Asian Amateur-ch"]
[Site "Zhengzhou"]
[Date "2019.01.04"]
[Round "7"]
[White "Xie, Kaifan"]
[Black "Mahmoody, M Sadegh"]
[Result "0-1"]
[WhiteElo "1938"]
[BlackElo "1934"]
[PlyCount "172"]
[EventDate "2018.12.31"]
[EventType "swiss"]
[EventRounds "9"]
[EventCountry "CHN"]
[SourceTitle "CBM 188 Extra"]
[Source "ChessBase"]
[SourceDate "2019.02.28"]
[SourceVersion "1"]
[SourceVersionDate "2019.02.28"]
[SourceQuality "1"]

1. c4 d6 2. d4 Nf6 3. Nc3 g6 4. Nf3 Bg7 5. g3 0-0 6. Bg2 Na6 7. 0-0 c5 8. h3 Rb8 9. e4 cxd4 10. Nxd4 Nc5 11. Be3 Nfd7 12. b3 a6 13. Qd2 Re8 14. Rac1 Qa5 15. Rfd1 Ne5 16. f4 Nc6 17. Nxc6 bxc6 18. e5 Bb7 19. Ne2 Qxd2 20. Rxd2 Nd7 21. exd6 exd6 22. Kf2 Bf8 23. Nc3 f5 24. c5 Nxc5 25. Bxc5 dxc5 26. Na4 Rbd8 27. Rcd1 Rd4 28. Rxd4 cxd4 29. Rxd4 c5 30. Rd2 Bxg2 31. Kxg2 Rc8 32. Rc2 Kf7 33. Kf3 Ke6 34. Re2+ Kd6 35. Nb6 Rb8 36. Rd2+ Kc6 37. Nd7 Re8 38. Ne5+ Kb5 39. Rd7 Kb4 40. Rxh7 Re6 41. Rf7 Bd6 42. Nc4 Kc3 43. g4 fxg4+ 44. hxg4 Be7 45. f5 gxf5 46. gxf5 Re1 47. Kf4 Re2 48. Rh7 Bd8 49. Rh3+ Kd4 50. a3 Re4+ 51. Kf3 Bg5 52. Rh5 Rf4+ 53. Kg3 Rxf5 54. Kg4 Rd5 55. Na5 Bc1 56. Nc6+ Ke4 57. Rh4 Bxa3 58. Kg3+ Kd3 59. Ra4 Bc1 60. Rxa6 Kc2 61. b4 c4 62. b5 Kd1 63. b6 Rb5 64. Ra4 c3 65. Rb4 c2 66. Rxb5 Bf4+ 67. Kxf4 c1Q+ 68. Ke5 Qxc6 69. Rd5+ Ke2 70. Rd6 Qb7 71. Kd4 Qc8 72. Kd5 Kd3 73. Rc6 Qd7+ 74. Kc5 Ke4 75. Rd6 Qc8+ 76. Rc6 Qf8+ 77. Kb5 Qe8 78. Kc5 Qe5+ 79. Kb4 Qe7+ 80. Kc4 Qd7 81. Rc7 Qa4+ 82. Kc5 Qa5+ 83. Kc4 Qxb6 84. Re7+ Kf5 85. Rf7+ Ke6 86. Rf4 Qc7+ 0-1

[Event "Asian Amateur-ch"]
[Site "Zhengzhou"]
[Date "2019.01.03"]
[Round "6"]
[White "Mahmoody, M Sadegh"]
[Black "Peng, Xinbei"]
[Result "1-0"]
[WhiteElo "1934"]
[BlackElo "1695"]
[PlyCount "115"]
[EventDate "2018.12.31"]
[EventType "swiss"]
[EventRounds "9"]
[EventCountry "CHN"]
[SourceTitle "CBM 188 Extra"]
[Source "ChessBase"]
[SourceDate "2019.02.28"]
[SourceVersion "1"]
[SourceVersionDate "2019.02.28"]
[SourceQuality "1"]

1. d4 f5 2. e4 fxe4 3. Nc3 Nf6 4. Bg5 Nc6 5. d5 Ne5 6. Qd4 Nf7 7. Bf4 d6 8. Nxe4 g6 9. Nxf6+ exf6 10. Bb5+ Bd7 11. Bxd7+ Kxd7 12. 0-0-0 Bg7 13. Ne2 Kc8 14. Qc3 Qd7 15. Rhe1 a6 16. Bg3 b6 17. Nf4 Nd8 18. Ne6 Kb7 19. Qxc7+ Qxc7 20. Nxc7 Bh6+ 21. Kb1 Kxc7 22. Re7+ Kc8 23. Bxd6 Nb7 24. Rc7+ Kb8 25. Rxh7+ Ka7 26. Rxh8 Rxh8 27. Be7 Bf8 28. Bxf8 Rxf8 29. c4 Nd6 30. b3 Re8 31. Kc2 Kb7 32. Rd2 Kc7 33. Kd3 a5 34. Re2 Rxe2 35. Kxe2 Ne4 36. Ke3 Nc5 37. h4 Nd7 38. g4 Ne5 39. f3 Kd6 40. h5 gxh5 41. gxh5 Nf7 42. Ke4 Nh6 43. a3 Kc5 44. b4+ axb4 45. axb4+ Kd6 46. f4 f5+ 47. Kd4 Ng4 48. c5+ bxc5+ 49. bxc5+ Kd7 50. d6 Ke6 51. Kc4 Ne3+ 52. Kb5 Nd5 53. h6 Nf6 54. Kc6 Kf7 55. h7 Kg7 56. d7 Kxh7 57. d8Q Kg6 58. Qxf6+ 1-0

[Event "Tehran Behin Cup 2nd"]
[Site "Tehran"]
[Date "2014.11.18"]
[Round "4"]
[White "Amonatov, Farrukh"]
[Black "Mahmoody, M Sadegh"]
[Result "1-0"]
[WhiteElo "2608"]
[BlackElo "2075"]
[PlyCount "119"]
[EventDate "2014.11.15"]
[EventType "swiss"]
[EventRounds "9"]
[EventCountry "IRI"]
[SourceTitle "CBM 163 Extra"]
[Source "ChessBase"]
[SourceDate "2014.12.23"]
[SourceVersion "1"]
[SourceVersionDate "2014.12.23"]
[SourceQuality "1"]

1. e4 d6 2. d4 Nf6 3. Nc3 g6 4. Bg5 Bg7 5. Qd2 h6 6. Bh4 Nbd7 7. 0-0-0 c5 8. dxc5 g5 9. Bg3 Nxc5 10. f3 Nh5 11. Bf2 Qa5 12. Bd4 Nf6 13. e5 Nfd7 14. exd6 e5 15. Be3 Rb8 16. Kb1 b5 17. Nd5 Qxd2 18. Rxd2 a6 19. Ne2 f5 20. Nec3 Bb7 21. h4 f4 22. Bf2 Kf7 23. b4 Ne6 24. Bd3 Nd4 25. Be4 Ke6 26. Ne7 Nb6 27. Bxb7 Rxb7 28. Re1 Kf7 29. Ne4 Nc4 30. Rd3 gxh4 31. c3 Ne6 32. Nf5 Bf6 33. d7 Kg6 34. Nxh4+ Bxh4 35. Bxh4 Rbb8 36. Nc5 Ng5 37. Nxa6 Rbd8 38. Nc7 Rh7 39. Red1 Kf5 40. Nxb5 Ke6 41. Nc7+ Kf5 42. Bf2 Ne3 43. Bxe3 fxe3 44. Nd5 e2 45. Re1 Rhxd7 46. c4 Rc8 47. Rxe2 Rxc4 48. Ne3+ Ke6 49. Nxc4 Rxd3 50. Nxe5 Rd1+ 51. Kc2 Rh1 52. b5 Kd5 53. b6 Ne6 54. b7 Nd4+ 55. Kb2 Nxe2 56. b8Q Nd4 57. Nd3 Rd1 58. Qb7+ Kc4 59. Qa6+ Kd5 60. Qa5+ 1-0

[Event "Albena Masters op"]
[Site "Albena"]
[Date "2013.06.03"]
[Round "3"]
[White "Mahmoody, M Sadegh"]
[Black "Stoyanov, Svetlomir"]
[Result "0-1"]
[WhiteElo "2204"]
[BlackElo "1874"]
[PlyCount "102"]
[EventDate "2013.06.01"]
[EventType "swiss"]
[EventRounds "9"]
[EventCountry "BUL"]
[SourceTitle "CBM 154 Extra"]
[Source "ChessBase"]
[SourceDate "2013.06.25"]
[SourceVersion "2"]
[SourceVersionDate "2013.06.25"]
[SourceQuality "1"]

1. e4 c6 2. d4 d5 3. exd5 cxd5 4. Nf3 Nc6 5. c3 Nf6 6. Bd3 Bg4 7. 0-0 e6 8. Bc2 Be7 9. Qd3 Bf5 10. Qe2 Bxc2 11. Qxc2 Rc8 12. Qd3 0-0 13. Ne5 Nxe5 14. dxe5 Ne4 15. Nd2 Nxd2 16. Bxd2 Qc7 17. Qg3 Rfd8 18. Bh6 Bf8 19. h4 f5 20. Be3 a6 21. h5 Bc5 22. Bxc5 Qxc5 23. h6 Qe7 24. Qxg7+ Qxg7 25. hxg7 Kxg7 26. f4 Rc4 27. g3 b5 28. a3 Rdc8 29. Kf2 d4 30. cxd4 Rc2+ 31. Kg1 Rxb2 32. Rf2 Rb3 33. Rg2 Rd3 34. g4 Kg6 35. Rf1 Rcc3 36. gxf5+ Kxf5 37. Rg5+ Ke4 38. f5 exf5 39. e6 Rg3+ 40. Rxg3 Rxg3+ 41. Kf2 Rg8 42. Rd1 Kd5 43. Re1 Re8 44. Re5+ Kxd4 45. Rxf5 Rxe6 46. Rh5 h6 47. Rh4+ Kc3 48. Rb4 Re5 49. Kf3 a5 50. Rb1 b4 51. axb4 axb4 0-1

[Event "Fajr op 16th"]
[Site "Urmia"]
[Date "2008.02.05"]
[Round "5"]
[White "Mahmoody, M Sadegh"]
[Black "Mirumian, Vigen"]
[Result "1/2-1/2"]
[WhiteElo "2154"]
[BlackElo "2525"]
[PlyCount "82"]
[EventDate "2008.02.03"]
[EventType "swiss"]
[EventRounds "11"]
[EventCountry "IRI"]
[SourceTitle "CBM 122 Extra"]
[Source "ChessBase"]
[SourceDate "2008.03.04"]
[SourceVersion "1"]
[SourceVersionDate "2008.03.04"]
[SourceQuality "1"]

1. e4 c5 2. Nf3 e6 3. d4 cxd4 4. Nxd4 Nf6 5. Bd3 Qb6 6. Nb3 d6 7. Be3 Qc7 8. c4 a6 9. Nc3 Be7 10. Rc1 0-0 11. 0-0 b6 12. f4 Nbd7 13. g4 Nc5 14. g5 Nfd7 15. Bb1 Nxb3 16. axb3 Re8 17. b4 Bb7 18. Rf3 Bf8 19. Qd3 g6 20. h4 Rad8 21. h5 Qb8 22. Rh3 Bg7 23. Kf2 d5 24. hxg6 hxg6 25. cxd5 exd5 26. Nxd5 Bxd5 27. exd5 Qd6 28. Bd2 Bxb2 29. Rc6 Qf8 30. Bc3 Bxc3 31. Qxc3 Qg7 32. Qxg7+ Kxg7 33. d6 a5 34. bxa5 bxa5 35. Re3 Rxe3 36. Kxe3 Nb8 37. Rb6 Nd7 38. Rb7 Nc5 39. Re7 Na6 40. Ra7 Nb4 41. Rxa5 Rxd6 1/2-1/2

[Event "Abu Dhabi op 16th"]
[Site "Abu Dhabi"]
[Date "2006.08.20"]
[Round "8"]
[White "Darban Vaighani, Morteza"]
[Black "Mahmoody, M Sadegh"]
[Result "1-0"]
[WhiteElo "2390"]
[BlackElo "2242"]
[PlyCount "73"]
[EventDate "2006.08.12"]
[EventType "swiss"]
[EventRounds "9"]
[EventCountry "UAE"]
[SourceTitle "CBM 113 Extra"]
[Source "ChessBase"]
[SourceDate "2006.09.14"]
[SourceVersion "1"]
[SourceVersionDate "2006.09.14"]
[SourceQuality "1"]

1. e4 c5 2. Nf3 d6 3. d4 cxd4 4. Nxd4 Nf6 5. Nc3 a6 6. Be2 e5 7. Nb3 Be6 8. 0-0 Nbd7 9. f4 Qc7 10. f5 Bc4 11. Kh1 Rc8 12. Re1 Bxe2 13. Qxe2 b5 14. a3 Nb6 15. Bg5 Nfd7 16. Nd2 Be7 17. Bxe7 Kxe7 18. Qg4 h6 19. Re3 Nf6 20. Qg3 Nc4 21. Nxc4 Qxc4 22. h3 Rhg8 23. Qh4 Kd7 24. Rd1 b4 25. axb4 Qxb4 26. Rg3 Rc4 27. Rxg7 Rxg7 28. Qxf6 Rh7 29. Nd5 Qb8 30. Qe7+ Kc6 31. Nf6 Rh8 32. Qd7+ Kc5 33. c3 Rd8 34. b4+ Rxb4 35. cxb4+ Kc4 36. Qc6+ Kb3 37. Rd3+ 1-0

[Event "Abu Dhabi op 16th"]
[Site "Abu Dhabi"]
[Date "2006.08.19"]
[Round "7"]
[White "Mahmoody, M Sadegh"]
[Black "Amanov, Mesgen"]
[Result "1-0"]
[WhiteElo "2242"]
[BlackElo "2372"]
[PlyCount "121"]
[EventDate "2006.08.12"]
[EventType "swiss"]
[EventRounds "9"]
[EventCountry "UAE"]
[SourceTitle "CBM 113 Extra"]
[Source "ChessBase"]
[SourceDate "2006.09.14"]
[SourceVersion "1"]
[SourceVersionDate "2006.09.14"]
[SourceQuality "1"]

1. d4 Nf6 2. Nf3 e6 3. g3 b6 4. Bg2 Bb7 5. c4 Bb4+ 6. Nbd2 0-0 7. 0-0 d5 8. a3 Be7 9. Ne5 Nbd7 10. f4 c5 11. e3 Qc7 12. cxd5 Bxd5 13. Ndf3 Qb7 14. b3 cxd4 15. exd4 Rac8 16. Bb2 h6 17. Bh3 Be4 18. Rf2 Rc7 19. Nd2 Bd5 20. Nec4 Ne4 21. Nxe4 Bxe4 22. f5 exf5 23. Bxf5 Bxf5 24. Rxf5 b5 25. Ne3 Nf6 26. Qd3 a6 27. b4 g6 28. Rf2 Qe4 29. Qb3 Nh7 30. Rf4 Qb7 31. d5 Bg5 32. Rf2 Qb6 33. Ng4 h5 34. Ne5 Be3 35. Raf1 Ng5 36. Kg2 Bxf2 37. Rxf2 Re8 38. Qd3 Qd6 39. h4 Nh7 40. Qd4 Rxe5 41. Qxe5 Qxe5 42. Bxe5 Rd7 43. Rd2 f6 44. Bb8 Rb7 45. Bf4 Nf8 46. Kf3 Kf7 47. Rc2 Nd7 48. Ke4 Ra7 49. Be3 f5+ 50. Kf4 Rb7 51. Bd4 Rb8 52. Rc7 Ke7 53. Rc6 a5 54. Rxg6 axb4 55. axb4 Rc8 56. Rc6 Rg8 57. Bc5+ Kd8 58. Kxf5 Rxg3 59. Rh6 Rf3+ 60. Ke6 Kc7 61. Bd6+ 1-0

[Event "Fajr op 14th"]
[Site "Tehran"]
[Date "2006.01.27"]
[Round "4"]
[White "Mahmoody, M Sadegh"]
[Black "Shalamberidze, Akaki"]
[Result "0-1"]
[WhiteElo "2232"]
[BlackElo "2422"]
[PlyCount "54"]
[EventDate "2006.01.24"]
[EventType "swiss"]
[EventRounds "9"]
[EventCountry "IRI"]
[SourceTitle "CBM 110 Extra"]
[Source "ChessBase"]
[SourceDate "2006.03.10"]
[SourceVersion "2"]
[SourceVersionDate "2006.03.10"]
[SourceQuality "1"]

1. e4 c6 2. Nc3 d5 3. Nf3 Bg4 4. exd5 cxd5 5. h3 Bxf3 6. Qxf3 e6 7. Bb5+ Nc6 8. 0-0 Nf6 9. d4 Rc8 10. Bg5 a6 11. Bxc6+ Rxc6 12. Rfe1 Bb4 13. Re3 0-0 14. a3 Be7 15. Qd1 Qc7 16. Qd3 Ng4 17. hxg4 Bxg5 18. Rh3 h6 19. g3 Bf6 20. g5 Bxg5 21. Kg2 Rc8 22. f4 Bf6 23. f5 Qb6 24. fxe6 Qxb2 25. exf7+ Kxf7 26. Rxh6 Qxc3 27. Qg6+ Ke7 0-1

[Event "Fajr op 14th"]
[Site "Tehran"]
[Date "2006.01.25"]
[Round "3"]
[White "Nejadshirazi, Mohammad Reza"]
[Black "Mahmoody, M Sadegh"]
[Result "0-1"]
[WhiteElo "1885"]
[BlackElo "2232"]
[PlyCount "68"]
[EventDate "2006.01.24"]
[EventType "swiss"]
[EventRounds "9"]
[EventCountry "IRI"]
[SourceTitle "CBM 110 Extra"]
[Source "ChessBase"]
[SourceDate "2006.03.10"]
[SourceVersion "2"]
[SourceVersionDate "2006.03.10"]
[SourceQuality "1"]

1. d4 d5 2. Nf3 Nf6 3. c4 dxc4 4. Nc3 c6 5. a4 e6 6. e3 Bb4 7. Bxc4 0-0 8. 0-0 c5 9. dxc5 Nbd7 10. Qe2 Bxc5 11. e4 e5 12. Bg5 Nb6 13. Rfd1 Qe7 14. Nd5 Nbxd5 15. Rxd5 Bd6 16. Rad1 Bc7 17. Rb5 a6 18. Rb3 h6 19. Bxf6 Qxf6 20. Bd5 Rb8 21. Qc4 Qe7 22. Rc1 Bd6 23. Rb6 Bg4 24. Qb3 Bc8 25. h3 a5 26. Rb5 Qd8 27. Qc3 Bd7 28. Rxb7 Rxb7 29. Bxb7 Bxa4 30. Nxe5 Qe7 31. Nxf7 Kxf7 32. Bd5+ Kg6 33. Qxa5 Qe5 34. g3 Qd4 0-1

[Event "IRI-ch sf"]
[Site "Tehran"]
[Date "2005.08.04"]
[Round "2"]
[White "Mahmoody, M Sadegh"]
[Black "Mahjoob, Morteza"]
[Result "1/2-1/2"]
[WhiteElo "2228"]
[BlackElo "2442"]
[PlyCount "157"]
[EventDate "2005.08.03"]
[EventType "swiss"]
[EventRounds "9"]
[EventCountry "IRI"]
[SourceTitle "EXT 2006"]
[Source "ChessBase"]
[SourceDate "2005.11.24"]
[SourceVersion "1"]
[SourceVersionDate "2005.11.24"]
[SourceQuality "1"]

1. c4 Nf6 2. Nf3 e6 3. g3 d5 4. d4 dxc4 5. Qa4+ c6 6. Qxc4 b5 7. Qc2 Bb7 8. Bg2 Qb6 9. Bd2 c5 10. dxc5 Bxc5 11. 0-0 0-0 12. b4 Be7 13. Be3 Qa6 14. Bd4 Nc6 15. a3 Nxd4 16. Nxd4 Bxg2 17. Kxg2 Bxb4 18. Qb2 Qb7+ 19. Kg1 Bc5 20. Qxb5 Qd5 21. e3 Rab8 22. Qc6 Bxd4 23. Qxd5 Nxd5 24. exd4 Rb3 25. Rd1 Rd8 26. Nd2 Rd3 27. Ne4 Rxd1+ 28. Rxd1 Nb6 29. f4 Kf8 30. Kf2 Ke7 31. Nc5 h5 32. a4 Rd5 33. Kf3 Nc4 34. h3 g5 35. fxg5 Rxg5 36. Rc1 Rf5+ 37. Ke2 Nd6 38. Nd3 Ra5 39. Nc5 f5 40. Ke3 Ne4 41. Nxe4 fxe4 42. Rc4 Kd6 43. Kxe4 Rg5 44. Rc5 Rxg3 45. Rxh5 Ra3 46. a5 Ra1 47. h4 Re1+ 48. Kf3 Rd1 49. Ke3 Re1+ 50. Kd2 Ra1 51. Rc5 Ra3 52. h5 a6 53. Re5 Rh3 54. Ke2 Rh4 55. Kd3 Rh3+ 56. Kc4 Rh1 57. Rg5 Rh3 58. Kb4 Rd3 59. Kc4 Rh3 60. Rc5 Rh4 61. Kd3 Rh3+ 62. Ke2 Rh4 63. Ke3 Rh3+ 64. Kf2 Rh4 65. Kg3 Rxd4 66. Rc8 Ke5 67. h6 Rd7 68. Kg4 Kf6 69. Ra8 Rd4+ 70. Kg3 Rd3+ 71. Kf4 Rd4+ 72. Ke3 Rh4 73. Rh8 Kg6 74. Ra8 Rxh6 75. Rxa6 Kf5 76. Ra8 Rh3+ 77. Kd4 e5+ 78. Kd5 Rd3+ 79. Kc6 1/2-1/2

[Event "Dubai op 06th"]
[Site "Dubai"]
[Date "2004.04.19"]
[Round "1"]
[White "Kruppa, Yuri"]
[Black "Mahmoody, M Sadegh"]
[Result "1-0"]
[WhiteElo "2533"]
[BlackElo "2202"]
[PlyCount "59"]
[EventDate "2004.04.19"]
[EventType "swiss"]
[EventRounds "9"]
[EventCountry "UAE"]
[SourceTitle "CBM 101"]
[Source "ChessBase"]
[SourceDate "2004.07.27"]
[SourceVersion "1"]
[SourceVersionDate "2004.07.27"]
[SourceQuality "1"]

1. d4 f5 2. Nc3 Nf6 3. Bg5 e6 4. e4 fxe4 5. Nxe4 Be7 6. Bxf6 Bxf6 7. Nf3 b6 8. Bd3 Nc6 9. c3 Bb7 10. Qe2 0-0 11. 0-0-0 a5 12. h4 Ne7 13. Nfg5 h6 14. f4 Nf5 15. g4 Nd6 16. Nh7 Rf7 17. Nhxf6+ Rxf6 18. Nxf6+ Qxf6 19. Rhf1 Qxh4 20. c4 Rf8 21. c5 Ne8 22. f5 exf5 23. Rxf5 Nf6 24. Rdf1 Bd5 25. Rxd5 Nxd5 26. Bh7+ Kxh7 27. Qe4+ g6 28. Rxf8 Qg5+ 29. Kb1 Kg7 30. Qe8 1-0

[Event "Tehran-ch"]
[Site "Tehran"]
[Date "2003.07.18"]
[Round "7"]
[White "Darban Vaighani, Morteza"]
[Black "Mahmoody, M Sadegh"]
[Result "1/2-1/2"]
[WhiteElo "2341"]
[BlackElo "2204"]
[PlyCount "182"]
[EventDate "2003.07.05"]
[EventType "swiss"]
[EventRounds "9"]
[EventCountry "IRI"]
[SourceTitle "EXT 2004"]
[Source "ChessBase"]
[SourceDate "2003.11.25"]
[SourceVersion "1"]
[SourceVersionDate "2003.11.25"]
[SourceQuality "1"]

1. e4 g6 2. d4 c5 3. dxc5 Bg7 4. c3 a5 5. Be3 Na6 6. Na3 Qc7 7. Bxa6 Rxa6 8. Ne2 Nf6 9. f3 0-0 10. 0-0 d5 11. cxd6 Rxd6 12. Qc2 Ra6 13. Rfd1 Nh5 14. Nb5 Qc4 15. a4 f5 16. Ned4 e5 17. Ne2 fxe4 18. Qxe4 Qxe4 19. fxe4 Bg4 20. Rd2 Nf6 21. Ng3 h5 22. Nc7 Rc6 23. Nd5 Rc4 24. Nb6 Rc6 25. h4 Be6 26. Rd3 Ng4 27. Nd5 Rc4 28. Bg5 Kh7 29. b3 Rcc8 30. Rf1 Rxf1+ 31. Kxf1 Bf8 32. Ke2 Bc5 33. Nf1 Nf2 34. Nf6+ Kg7 35. Rf3 Bxb3 36. Ne3 Bxe3 37. Kxe3 Ng4+ 38. Kd2 Rd8+ 39. Kc1 Rd1+ 40. Kb2 Bxa4 41. Nxg4 hxg4 42. Bf6+ Kf7 43. Rf2 Ke6 44. Bg7 Be8 45. Rf6+ Ke7 46. Rf2 g3 47. Rf3 Rd2+ 48. Kc1 Rxg2 49. Bxe5 Rg1+ 50. Kb2 g2 51. Rg3 Rh1 52. Rxg2 Rxh4 53. Bc7 Rxe4 54. Bxa5 Ke6 55. Rg5 Re2+ 56. Kc1 Kf7 57. Bb6 Bc6 58. Bd4 Ra2 59. Kd1 Be4 60. Re5 Bf3+ 61. Ke1 Rg2 62. Kf1 Bc6 63. Rc5 Rg4 64. Be3 Kf6 65. Bd4+ Ke6 66. Be3 Bd5 67. Kf2 Rg2+ 68. Kf1 Rc2 69. Ke1 Bf3 70. Bd2 Rb2 71. Rg5 Kf6 72. Rc5 Be4 73. Bg5+ Ke6 74. Bd2 Kd6 75. Rc4 Ke5 76. Rb4 Ra2 77. Rb5+ Ke6 78. Rc5 Bf3 79. Rg5 Be4 80. Rb5 Bd5 81. Rc5 Kd6 82. Rb5 Ra4 83. Rb6+ Bc6 84. Rb4 Ra1+ 85. Kf2 Ke5 86. Rg4 Be4 87. Ke3 Ra4 88. Kf2 b5 89. Ke3 Kd5 90. Rh4 Bf5 91. Rb4 Kc5 1/2-1/2

[Event "Dubai op 05th"]
[Site "Dubai"]
[Date "2003.04.29"]
[Round "9"]
[White "Abdul, Majeed Mohamad"]
[Black "Mahmoody, M Sadegh"]
[Result "1-0"]
[WhiteElo "2270"]
[BlackElo "2226"]
[PlyCount "115"]
[EventDate "2003.04.20"]
[EventType "swiss"]
[EventRounds "9"]
[EventCountry "UAE"]
[SourceTitle "CBM 093 Extra"]
[Source "ChessBase"]
[SourceDate "2003.05.09"]
[SourceVersion "1"]
[SourceVersionDate "2003.05.09"]
[SourceQuality "1"]

1. e4 c5 2. c3 g6 3. d4 cxd4 4. cxd4 Bg7 5. Nc3 d6 6. Nf3 Nf6 7. Be2 0-0 8. 0-0 a6 9. a4 b6 10. Re1 Bb7 11. Bf1 Nbd7 12. h3 h6 13. Bf4 d5 14. e5 Ne4 15. Bd3 Nxc3 16. bxc3 e6 17. Qd2 g5 18. Bg3 Qe7 19. h4 g4 20. Nh2 h5 21. Rab1 Bc6 22. f3 gxf3 23. Nxf3 Rfc8 24. Bc2 b5 25. a5 Nf8 26. Ng5 Be8 27. Re3 Rc4 28. Bd1 f6 29. exf6 Bxf6 30. Bb3 Bg6 31. Bxc4 Bxb1 32. Bxd5 Bxg5 33. Bxa8 Bxe3+ 34. Qxe3 b4 35. cxb4 Qxb4 36. Qg5+ Ng6 37. Qd8+ Kf7 38. Bf3 Qb5 39. Qb6 Qd3 40. Kh2 Ba2 41. Qc7+ Kg8 42. Qb8+ Kf7 43. Qb7+ Kf6 44. Qd7 Qf5 45. Bc7 Ne7 46. Be5+ Kf7 47. Bd6 Bd5 48. Qxe7+ Kg6 49. Bxd5 Qxd5 50. Qg5+ Qxg5 51. hxg5 Kxg5 52. Kg3 Kf5 53. Kf3 Kf6 54. Kf4 Kg6 55. Be7 Kf7 56. Bh4 Kg6 57. Ke5 Kf7 58. Kd6 1-0